Statistics for Top 25 PC Games by Metacritic Score

Click here to take the quiz!

General Stats

  • This quiz has been taken 125 times
    (94 since last reset)
  • The average score is 7 of 25

Answer Stats

RankGameRelease% Correct
4.Half-Life1998
75%
1.Half-Life 22004
68%
2.Grand Theft Auto V2015
60%
7.Portal 22011
53%
8.The Elder Scrolls V: Skyrim2011
53%
18.The Witcher 3: Wild Hunt2015
46%
22.Minecraft2009
43%
16.Diablo1996
38%
14.The Elder Scrolls IV: Oblivion2006
34%
5.BioShock2007
26%
24.Grand Theft Auto III2002
25%
10.Grand Theft Auto: Vice City2003
21%
9.Mass Effect 22010
21%
21.Starcraft II: Wings of Liberty2010
19%
12.Quake1996
18%
6.Baldur's Gate II: Shadows of Amn2000
16%
11.Civilization II1996
16%
17.Sid Meier's Civilization IV2005
15%
13.BioShock Infinite2013
13%
3.The Orange Box2007
13%
15.Grim Fandango1998
12%
19.Company of Heroes2006
7%
23.Divinity: Original Sin II2016
6%
20.Unreal Tournament 20042004
3%
25.Homeworld1999
1%

Score Distribution

Percentile by Number Answered

Percent of People with Each Score

Your Score History

You have not taken this quiz since the last reset